000 00496nam a2200193Ia 4500
003 0100
005 20160330112323.0
008 130303s9999 xx 000 0 und d
040 _cARRUPELIB
050 _aB2350.2.H78 1984
100 _aHume, Basil
_923466
245 _aTo be a Pilgrim:
245 _ba spiritual notebook
_c/ by Basil Hume OSB
260 _aCo. Kildare, Ireland
260 _bSt Paul Publications
_c1984
300 _a230p.
300 _b 22cm.
942 _2lcc
_cMONOGRAPH
999 _c9551
_d9551